Сооружение и эксплуатация газонефтепроводов и газонефтехранилищ: учебное пособие
| Korporativní autor: | |
|---|---|
| Další autoři: | , , |
| Shrnutí: | Заглавие с титульного экрана Пособие содержит системное изложение вопросов сооружения и эксплуатации газонефтепроводов и газонефтехранилищ. Освещены место и роль нефтегазового комплекса в современной мировой и российской экономике. Приведены технология и техника транспорта и хранения нефти, газа и нефтепродуктов. Описаны технологии сооружения газонефтепроводов и газонефтехранилищ для различных условий. Даны сведения о техническом обслуживании и ремонте нефтегазовых объектов. Предназначено для студентов, обучающихся по специальности «Экономика и управление на предприятии (нефтяной и газовой промышленности)». Режим доступа: из корпоративной сети ТПУ |
| Jazyk: | ruština |
| Vydáno: |
Томск, Изд-во ТПУ, 2019
|
| Vydání: | 2-е изд., испр. и доп. |
| Témata: | |
| On-line přístup: | https://www.lib.tpu.ru/fulltext2/m/2019/m084.pdf |
| Médium: | MixedMaterials Elektronický zdroj Kniha |
| KOHA link: | https://koha.lib.tpu.ru/cgi-bin/koha/opac-detail.pl?biblionumber=344106 |
MARC
| LEADER | 00000nlm0a2200000 4500 | ||
|---|---|---|---|
| 001 | 344106 | ||
| 005 | 20231222135457.0 | ||
| 035 | |a (RuTPU)RU\TPU\book\375202 | ||
| 035 | |a RU\TPU\book\256406 | ||
| 090 | |a 344106 | ||
| 100 | |a 20191218d2019 m y0rusy50 ca | ||
| 101 | 0 | |a rus | |
| 102 | |a RU | ||
| 105 | |a a j 001zy | ||
| 135 | |a drcn ---uucaa | ||
| 181 | 0 | |a i | |
| 182 | 0 | |a b | |
| 200 | 1 | |a Сооружение и эксплуатация газонефтепроводов и газонефтехранилищ |e учебное пособие |f Национальный исследовательский Томский политехнический университет, Инженерная школа природных ресурсов, Отделение нефтегазового дела ; сост. В. Г. Крец, А. В. Шадрина, Н. А. Антропова | |
| 203 | |a Текст |c электронный | ||
| 205 | |a 2-е изд., испр. и доп. | ||
| 210 | |a Томск |c Изд-во ТПУ |d 2019 | ||
| 300 | |a Заглавие с титульного экрана | ||
| 330 | |a Пособие содержит системное изложение вопросов сооружения и эксплуатации газонефтепроводов и газонефтехранилищ. Освещены место и роль нефтегазового комплекса в современной мировой и российской экономике. Приведены технология и техника транспорта и хранения нефти, газа и нефтепродуктов. Описаны технологии сооружения газонефтепроводов и газонефтехранилищ для различных условий. Даны сведения о техническом обслуживании и ремонте нефтегазовых объектов. Предназначено для студентов, обучающихся по специальности «Экономика и управление на предприятии (нефтяной и газовой промышленности)». | ||
| 333 | |a Режим доступа: из корпоративной сети ТПУ | ||
| 606 | 1 | |a Газонефтепроводы |2 stltpush |3 (RuTPU)RU\TPU\subj\5087 |9 33248 | |
| 610 | 1 | |a электронный ресурс | |
| 610 | 1 | |a учебные пособия | |
| 610 | 1 | |a труды учёных ТПУ | |
| 610 | 1 | |a нефтегазовые комплексы | |
| 610 | 1 | |a транспорт | |
| 610 | 1 | |a нефть | |
| 610 | 1 | |a газ | |
| 610 | 1 | |a нефтепродукты | |
| 610 | 1 | |a трубопроводный транспорт | |
| 610 | 1 | |a нефтегазопромысловые трубопроводы | |
| 610 | 1 | |a гидравлические расчеты | |
| 610 | 1 | |a магистральные нефтепроводы | |
| 610 | 1 | |a технологические расчеты | |
| 610 | 1 | |a прокладки | |
| 610 | 1 | |a конструктивные решения | |
| 610 | 1 | |a сортаменты | |
| 610 | 1 | |a арматура | |
| 610 | 1 | |a хранение | |
| 610 | 1 | |a объекты | |
| 610 | 1 | |a сооружения | |
| 610 | 1 | |a газонефтепроводы | |
| 610 | 1 | |a газонефтехранилища | |
| 610 | 1 | |a техническое обслуживание | |
| 610 | 1 | |a ремонт | |
| 610 | 1 | |a нефтегазовые объекты | |
| 675 | |a 622.692(075.8) |v 4 | ||
| 702 | 1 | |a Крец |b В. Г. |c специалист в области нефтегазового дела |c доцент Томского политехнического университета, кандидат технических наук |f 1942- |g Виктор Георгиевич |3 (RuTPU)RU\TPU\pers\26131 |4 220 | |
| 702 | 1 | |a Шадрина |b А. В. |c специалист в области нефтегазового дела |c профессор Томского политехнического университета, доктор технических наук |f 1980- |g Анастасия Викторовна |3 (RuTPU)RU\TPU\pers\26136 |4 220 |9 11965 | |
| 702 | 1 | |a Антропова |b Н. А. |c специалист в области транспорта и хранения нефти |c доцент Томского политехнического университета, кандидат геолого-минералогических наук |f 1959- |g Наталья Алексеевна |3 (RuTPU)RU\TPU\pers\26134 |4 220 |9 11963 | |
| 712 | 0 | 2 | |a Национальный исследовательский Томский политехнический университет |b Инженерная школа природных ресурсов |b Отделение нефтегазового дела |3 (RuTPU)RU\TPU\col\23546 |
| 801 | 1 | |a RU |b 63413507 |c 20130408 | |
| 801 | 2 | |a RU |b 63413507 |c 20201019 |g RCR | |
| 856 | 4 | |u https://www.lib.tpu.ru/fulltext2/m/2019/m084.pdf | |
| 942 | |c CF | ||